Nositelé Nobelovy ceny za ekonomii 2009

Nositeľmi Nobelovej ceny za ekonómiu v roku 2009 sú Elinor Ostromová - za prínos k analýze ekonomickej správy, najmä v oblasti verejných zdrojov, a Oliver Eaton Williamson - za prínos k analýze ekonomickej správy, najmä vymedzenie hraníc firmy. Život a dielo týchto ekonómov.

Saved in:
Bibliographic Details
Main Author: Sirůček, Pavel
Format: Book Chapter
Language:Czech
Subjects:
Tags: Add Tag
No Tags, Be the first to tag this record!

MARC

LEADER 00000naa a2200000 4500
001 0142782
005 20231116105635.8
041 0 |a cze 
044 |a CZ 
245 1 0 |a Nositelé Nobelovy ceny za ekonomii 2009  |c Pavel Sirůček 
520 |a Nositeľmi Nobelovej ceny za ekonómiu v roku 2009 sú Elinor Ostromová - za prínos k analýze ekonomickej správy, najmä v oblasti verejných zdrojov, a Oliver Eaton Williamson - za prínos k analýze ekonomickej správy, najmä vymedzenie hraníc firmy. Život a dielo týchto ekonómov. 
610 2 0 |a Nobelova cena 
610 2 0 |a ekonómia 
610 2 0 |a Ostromová, E. 
610 2 0 |a Williamson, O.E. 
100 1 |a Sirůček, Pavel